| 000 | 01126cam a22002891 4500 | ||
|---|---|---|---|
| 001 | ne 68004604 | ||
| 003 | DLC | ||
| 005 | 20260227111850.0 | ||
| 008 | 841005s19671968ua h b 000 0 arar | ||
| 010 | _ane 68004604 | ||
| 020 | _c1.05 | ||
| 035 | _a(OCoLC)11231663 | ||
| 040 |
_aDLC _cTxU _dTxU _dDLC |
||
| 050 | 0 | 0 |
_aPJ6151 _b.I25 |
| 100 | 2 |
_aIbn Mālik, Muḥammad ibn ʻAbd Allāh, _d-1274. |
|
| 245 | 1 | 0 |
_aTasʹhīl al-fawāʼid wa-takmīl al-maqāṣid _c[taʼlīf] Ibn Mālik. Ḥaqqaqahu wa-qaddama lahu Muḥammad Kāmil Barakāt. |
| 260 |
_a[al-Qāhirah] _bDār al-Kātib al-ʻArabī _c1967 [cover 1968] |
||
| 300 |
_a7, 100, 421 p. _bfacsims. _c27 cm. |
||
| 490 | 1 |
_aMaktabah al-ʻArabīyah, _v74. al-Turāth, 17. al-Adab, 42 |
|
| 500 | _aAt head of title: al-Jumhūrīyah al-ʻArabīyah al-Muttaḥidah. Wizārat al-Thaqāfah. | ||
| 500 | _a"al-Taʻrīf bi-Ibn Mālik." | ||
| 500 | _aThe editor's thesis (M.A.)--Cairo University. | ||
| 504 | _aBibliographical footnotes. | ||
| 650 | 0 |
_aArabic language _xSyntax. |
|
| 700 | 1 |
_aBarakāt, Muḥammad Kāmil, _eed. |
|
| 830 | 0 |
_aMaktabah al-ʻArabīyah ; _v74. |
|
| 999 |
_c51078 _d51078 |
||